000 02318cam a22002054a 4500
005 20250605163532.0
008 250528s ||||||||||||||||||||||||d
035 _a21284
020 _a9789600345933
040 _aGR-AtMCL
_bgre
_dGR-AtMCL
_eAACR2
245 1 _aΠαιδικός Αυτισμός / Θεραπεύτικη Προσέγγιση: Έβδομη Έκδοση
250 _a
260 _bΚαστανιώτη,
_c1999
300 _a256
520 _aΣτο παρόν βιβλίο η συγγραφέας επεξεργάζεται στο πλαίσιο της πρακτικής της μια ειδική ψυχαναλυτική προσέγγιση των Αυτιστικών Παιδιών, την οποία την αναπτύσει με τη μορφή ενός πραγματικού ημερολογίου. Πρόλογος, Εισαγωγή, Ορισμός και Έννοια του Αυτισμού, Αναλυτικές Ψυχοθεραπείες Αυτιστικών Παιδιών, Προκαταρκτικές Σημειώσεις, Η Θεραπεία του Θωμά (Παιδί Αυτιστικό), Η Θεραπεία του Αλέξανδρου (Παιδί Αυτιστικό), Η Θεραπεία του Λουκά (Υποτροπή Ενός Εφήβου στον Αυτισμό με Αυτο-Επιθετικότητα), Αποσπάσματα από τη Θεραπεία της Σάρας (Παιδί Βουβό και Ψυχωσικό), Αποσπάσματα από τη Θεραπεία του Ζιλιέν (Παιδί Βουβό και Ψυχωσικό), Θεωρητικές Απόψεις στη Συνάντηση με το Αυτιστικό Παιδί, Το Κενό Πρόσωπο της Μητέρας και ο Σπασμένος Καθρέφτης, Χρόνος και Ρυθμικός Χρόνος στις Στερεοτυπίες και τις Ταλαντεύσεις, Τα Όρια του Σώματος και η Έξοδος από τον Αυτισμό Μέσω των Κρίσεων Διέργεσης, Η Συμβίωση, Σώμα και Ψύχωση και Σχέση με τους Άλλους, Επίλογος, Βιβλιογραφία.
700 1 _aΣυνοδίνου Κλαίρη
942 _cBK
999 _c6349
_d6349